000 01038nam a22002057a 4500
005 20230107131100.0
008 230105b ||||| |||| 00| 0 eng d
020 _a9789381422915
040 _cAL
041 _aeng
082 _223
_a823.009954
_bSHUM
100 _aRajesh Shukla
_968584
245 _aMulticulturalism in Indian fiction in English
260 _aJaipur
_bRitu Publications
_c2014
300 _a232p.
_bHB
_c22x14cm.
365 _2General
_a1834
_b₹761.00
_c
_d₹895.00
_e15%
_f12-12-2022
520 _aMulticulturalism; theme of communalism in modern indian english fictions; indian rustic life in kamala markandayas nectar in a sieve and two virgins; land culture and identity in indian english fiction; study of love sex and marriage in anita desai novels raja rao mysticism to explore the spiritual unity of east and west that long silence and the dark holds no terrors; indian english novel writing; relationship dilemma in anita desai novels.
650 _2Fiction
_aEnglish Fiction
_968585
942 _2ddc
_cBK
999 _c226263
_d226263